| 000 | 01226nam a22002297a 4500 | ||
|---|---|---|---|
| 999 |
_c58201 _d58201 |
||
| 003 | Ge_BSU | ||
| 005 | 20210910132101.0 | ||
| 008 | 210910s2021 ge ||||| |||| 00| 0 geo d | ||
| 020 | _a9789941972669 | ||
| 041 | _ageo | ||
| 080 | _a34.096+343.096 მ-74 | ||
| 100 |
_aმიქელაძე, გიორგი _9823 |
||
| 245 |
_aკაზუსის ამოხსნის მეთოდიკა სისხლის საპროცესო სამართალში : _bთანდართული კაზუსებით / _cგიორგი მიქელაძე; რედ. ირაკლი გაბისონია, ვიოლეტა ფორჩხაძე. |
||
| 264 |
_aთბილისი : _bიურისტის სამყარო, _c2021. |
||
| 300 |
_a258 გვ. _b21 სმ. |
||
| 504 | _aბიბლიოგრ. გვ. 245-254 | ||
| 653 | _aსამართალი | ||
| 653 | _aკაზუსების ამოხსნა | ||
| 700 |
_aგაბისონია, ირაკლი _eრედაქტორი _97024 |
||
| 700 |
_aფორჩხაძე, ვიოლეტა _eრედაქტორი _912450 |
||
| 942 |
_2udc _cBK |
||